000 00317nam a2200121Ia 4500
008 220217s9999||||xx |||||||||||||| ||und||
082 _a005.13 GRE
100 _aGreg, Buczek
245 0 _aASP developer's guide
260 _aTata mcgraw hill
_bNew Delhi
_c2000
300 _b395
650 _aPROGRAMMING LANGUAGE
999 _c172289
_d172289